000 02916nkm0a2200457 4500
001 RU\NLR\BIBL_A\016360464
005 20260409003006.0
035 _a(NLR Aleph) 016360464
090 _a13649510
_c13649510
100 _a20260409 rusy50
101 0 _arus
102 _aRU
116 _adiybxx zz ae
135 _acrcn 024anaba
181 0 _ab4
_bxb2e
182 0 _an
200 1 _aТихоокеанская эскадра
_i"Кореец" - канонерская лодка
_eоткрытое письмо
203 _aИзображение
_bнеподвижное
_bдвухмерное
_bвизуальное
_cнепосредственное
210 _a[Б. м.
_cб. и.
_dмежду 1900 и 1904]
215 _a1 л.
_cфототип.
_d9х14,2
325 _aКопия доступна в Электрон. б-ке РНБ
601 0 2 _a"Кореец", канонерская лодка
_jОткрытки
_92625131
_3RU\NLR\AUTH\661561691
601 0 2 _aЭскадра Тихого океана
_c1
_jОткрытки
_92435780
_3RU\NLR\AUTH\661449441
606 1 _aПочтовые открытки маркированные художественные
_yРоссия
_z1895 - 1917
_92195710
_3RU\NLR\AUTH\6601555036
606 1 _aФотографические открытки
_92151039
_3RU\NLR\AUTH\661600135
686 1 _aЩ153(2Р=Рус)53-489
711 0 2 _a"Кореец", канонерская лодка
_9843774
_3RU\NLR\AUTH\8810173889
711 0 2 _aЭскадра Тихого океана
_c1
_9746643
_3RU\NLR\AUTH\880541260
830 _a"Первая Тихоокеанская эскадра ... Корабельный состав эскадры ... Крейсер «Варяг», канонерские лодки «Кореец», «Маньчжур», «Сивуч» в качестве стационеров находились в иностранных портах Дальнего Востока": https://ru.wikipedia.org/wiki/Первая_Тихоокеанская_эскадра (03.05.2023). АЯ ОЭФ
830 _aОткрытка датирована по оформлению адресной стороны (без разделительной линии). АЯ ОЭФ
852 0 0 _aNLR
_bЭ
_jОВо640/317
_mЭот9681
856 0 _uhttps://vivaldi.nlr.ru/lo000010117/view
856 1 _uhttps://vivaldi.nlr.ru/lo000010117/cover
856 2 _uhttps://vivaldi.nlr.ru/lo000010117/text
901 _eИзографические материалы
942 _cVISUAL
980 _aNB
981 1 7 _a(17) Изографические материалы
_b(17) Открытки